The definitive spa & body handbook: (Record no. 28078)

MARC details
000 -LEADER
fixed length control field 00946nam a2200253 a 4500
005 - DATE AND TIME OF LATEST TRANSACTION
control field 20090706152227.0
008 - FIXED-LENGTH DATA ELEMENTS--GENERAL INFORMATION
fixed length control field 010625s2001 ii b 000 0 eng
010 ## - LCCN (DPL NO)
LC control number ENG-94321
020 ## - INTERNATIONAL STANDARD BOOK NUMBER
Terms of availability 250.00
International Standard Book Number 9788121613293
035 ## - SYSTEM CONTROL NUMBER
System control number EN-77854
037 ## - SOURCE OF ACQUISITION
Source of stock number/acquisition DBAD / PUB
040 ## - CATALOGING SOURCE
Original cataloging agency dpl
Language of cataloging English
082 ## - DEWEY DECIMAL CLASSIFICATION NUMBER
Classification number 613.122
100 ## - MAIN ENTRY--PERSONAL NAME
Personal name Herron, Tara J.
245 ## - TITLE STATEMENT
Title The definitive spa & body handbook:
Statement of responsibility, etc by Tara J. Herron
Remainder of title the 5 keys ot unlimited energy, balance and bliss /
260 ## - PUBLICATION, DISTRIBUTION, ETC. (IMPRINT)
Place of publication, distribution, etc New Delhi
Name of publisher, distributor, etc Hind Pocket Books
Date of publication, distribution, etc 2009
270 ## - ADDRESS
Address J-40, Jorbagh Lane,
City New Delhi
Postal code 110003
300 ## - PHYSICAL DESCRIPTION
Extent xi, 164p.
Dimensions 22cm(pbk)
650 ## - SUBJECT ADDED ENTRY--TOPICAL TERM
Topical term or geographic name as entry element Beauty, Personal
650 ## - SUBJECT ADDED ENTRY--TOPICAL TERM
Topical term or geographic name as entry element Health resorts
650 ## - SUBJECT ADDED ENTRY--TOPICAL TERM
Topical term or geographic name as entry element Beauty, Personal
942 ## - ADDED ENTRY ELEMENTS (KOHA)
Source of classification or shelving scheme Dewey Decimal Classification
Item type English Books
Call number suffix HER
Classification part 613.122
Holdings
Withdrawn status Lost status Source of classification or shelving scheme Damaged status Not for loan Collection code Home library Current library Date acquired Source of acquisition Cost, normal purchase price Total Checkouts Full call number Barcode Date last seen Copy number Cost, replacement price Koha item type
    Dewey Decimal Classification   Not For Loan Non-fiction D.B.Act.Division D.B.Act.Division 06/07/2009 DBAD / PUB 250.00   613.122 HER EN-77854 06/07/2009 1 250.00 English Books

© Delhi Public Library
Hit Counter
free hit counter